[Event "SVK-chT2A 1112"]
[Site "Slovakia"]
[Date "2011.12.03"]
[Round "5.4"]
[White "Fabry, Robert"]
[Black "Kimerling, Martin"]
[Result "1-0"]
[WhiteElo "2177"]
[BlackElo "2015"]
[PlyCount "87"]
[EventDate "2011.10.08"]
[EventType "team-tourn"]
[EventRounds "11"]
[EventCountry "SVK"]
[SourceTitle "EXT 2013"]
[Source "ChessBase"]
[SourceDate "2012.11.22"]
[SourceVersion "1"]
[SourceVersionDate "2012.11.22"]
[SourceQuality "1"]
[WhiteTeam "Bratislava Doprastav"]
[BlackTeam "Bratislava KSN"]
[WhiteTeamCountry "SVK"]
[BlackTeamCountry "SVK"]

1. e4 d6 2. d4 Nf6 3. Nc3 g6 4. f4 Bg7 5. Nf3 c5 6. e5 Nfd7 7. exd6 0-0 8. Be3 exd6 9. Qd2 Nc6 10. 0-0-0 Re8 11. Bb5 cxd4 12. Nxd4 Nb6 13. Rhe1 Bd7 14. Nf3 a6 15. Bf1 Be6 16. Qxd6 Qxd6 17. Rxd6 Bxc3 18. bxc3 Nc8 19. Rdd1 Bxa2 20. c4 Na5 21. Bc5 Rxe1 22. Rxe1 Na7 23. Nd2 b5 24. cxb5 axb5 25. Kb2 Bd5 26. Re5 Bc6 27. Re7 Nb7 28. Bd4 Kf8 29. Rc7 Rc8 30. Rxb7 Bxb7 31. Bxa7 Rd8 32. Nf3 Bxf3 33. gxf3 Rd2 34. h3 Rh2 35. Bxb5 Rxh3 36. c4 Rxf3 37. c5 Rxf4 38. c6 Rb4+ 39. Kc3 Rxb5 40. c7 Rf5 41. Bd4 f6 42. c8Q+ Kg7 43. Qd7+ Kh6 44. Be3+ 1-0

[Event "SVK-chT2A 1112"]
[Site "Slovakia"]
[Date "2011.10.09"]
[Round "2.4"]
[White "Fabry, Robert"]
[Black "Skara, Vladimir"]
[Result "0-1"]
[WhiteElo "2177"]
[BlackElo "2219"]
[PlyCount "82"]
[EventDate "2011.10.08"]
[EventType "team-tourn"]
[EventRounds "11"]
[EventCountry "SVK"]
[SourceTitle "EXT 2013"]
[Source "ChessBase"]
[SourceDate "2012.11.22"]
[SourceVersion "1"]
[SourceVersionDate "2012.11.22"]
[SourceQuality "1"]
[WhiteTeam "Bratislava Doprastav"]
[BlackTeam "Modra II"]
[WhiteTeamCountry "SVK"]
[BlackTeamCountry "SVK"]

1. e4 e6 2. d4 d5 3. Nc3 Nf6 4. Bg5 Be7 5. e5 Nfd7 6. h4 Nc6 7. Nf3 Nb6 8. Qd2 h6 9. Be3 Bd7 10. h5 Bf8 11. g4 Qe7 12. a4 Qb4 13. b3 a6 14. Nd1 Rc8 15. Nb2 Qxd2+ 16. Kxd2 a5 17. Nd3 Nd8 18. Nh4 Na8 19. f4 b6 20. f5 c5 21. Nf4 cxd4 22. Bxd4 Nc6 23. Bf2 Nxe5 24. fxe6 Bxe6 25. Nxe6 fxe6 26. Bb5+ Kd8 27. c4 Nxg4 28. Bd4 Bb4+ 29. Kd1 Rf8 30. Ke2 e5 31. Ng6 Rf5 32. Rag1 exd4 33. Rxg4 Nc7 34. Rxd4 Nxb5 35. axb5 Kc7 36. Nf4 Re8+ 37. Kd3 dxc4+ 38. Kxc4 Rc5+ 39. Kd3 Rc3+ 40. Kd2 Rh3+ 41. Rxb4 Rxh1 0-1

[Event "SVK-chT2A 10/11"]
[Site "Slovakia"]
[Date "2011.03.26"]
[Round "10.4"]
[White "Oprea, Erik"]
[Black "Fabry, Robert"]
[Result "1-0"]
[WhiteElo "2116"]
[BlackElo "2190"]
[PlyCount "79"]
[EventDate "2010.10.23"]
[EventType "team-tourn"]
[EventRounds "11"]
[EventCountry "SVK"]
[SourceTitle "EXT 2019"]
[Source "ChessBase"]
[SourceDate "2018.10.10"]
[SourceVersion "1"]
[SourceVersionDate "2018.10.10"]
[SourceQuality "1"]
[WhiteTeam "Devinska Nova Ves"]
[BlackTeam "Bratislava Doprastav"]
[WhiteTeamCountry "SVK"]
[BlackTeamCountry "SVK"]

1. d4 Nf6 2. c4 e6 3. Nc3 d5 4. Nf3 c6 5. Bg5 Nbd7 6. c5 b6 7. b4 a5 8. a3 Be7 9. e3 0-0 10. Bd3 h6 11. Bh4 Ba6 12. Bxa6 Rxa6 13. 0-0 Re8 14. b5 cxb5 15. c6 Nf8 16. Nxb5 Ne4 17. Bxe7 Qxe7 18. Qd3 Raa8 19. Rfc1 Ng6 20. Nd2 Nd6 21. Nxd6 Qxd6 22. Qb5 Qc7 23. Rab1 Rab8 24. Rc3 Ne7 25. Rbc1 Nc8 26. a4 Nd6 27. Qd3 Red8 28. f3 Nc8 29. Nb1 Na7 30. Na3 Rdc8 31. e4 Qe7 32. exd5 exd5 33. Nb5 Ra8 34. Nxa7 Rxa7 35. Rb3 Rac7 36. Rxb6 Qe6 37. Qc3 Qd6 38. Qxa5 Rxc6 39. Rbxc6 Rxc6 40. Qa8+ 1-0

[Event "SVK-chT2A 10/11"]
[Site "Slovakia"]
[Date "2011.03.05"]
[Round "8.3"]
[White "Petenyi, Tamas"]
[Black "Fabry, Robert"]
[Result "1-0"]
[WhiteElo "2378"]
[BlackElo "2190"]
[PlyCount "103"]
[EventDate "2010.10.23"]
[EventType "team-tourn"]
[EventRounds "11"]
[EventCountry "SVK"]
[SourceTitle "EXT 2019"]
[Source "ChessBase"]
[SourceDate "2018.10.10"]
[SourceVersion "1"]
[SourceVersionDate "2018.10.10"]
[SourceQuality "1"]
[WhiteTeam "Dunajska Streda SK II"]
[BlackTeam "Bratislava Doprastav"]
[WhiteTeamCountry "SVK"]
[BlackTeamCountry "SVK"]

1. e4 e5 2. Nf3 Nc6 3. Bb5 a6 4. Ba4 Nf6 5. 0-0 Be7 6. Re1 b5 7. Bb3 0-0 8. h3 d5 9. exd5 Nxd5 10. Nxe5 Nxe5 11. Rxe5 c6 12. d3 Bd6 13. Re1 Qf6 14. Nd2 Nf4 15. Ne4 Qg6 16. Bxf4 Bxf4 17. Qf3 Be5 18. c3 Bf5 19. d4 Bc7 20. Re2 Bxe4 21. Rxe4 Rae8 22. Rae1 Rxe4 23. Rxe4 Qd6 24. g3 Qd7 25. h4 a5 26. a3 b4 27. axb4 axb4 28. h5 bxc3 29. bxc3 Kh8 30. h6 f5 31. hxg7+ Qxg7 32. Rh4 f4 33. Bc2 h6 34. Qxc6 Rf6 35. Qe8+ Rf8 36. Qe6 Rf6 37. Qc8+ Rf8 38. Qh3 Rf6 39. g4 Kg8 40. Qf3 Qe7 41. Rh5 Qe1+ 42. Kg2 Kg7 43. Rc5 Bd6 44. Rb5 Rf7 45. Rb7 Rxb7 46. Qxb7+ Kf6 47. Qd5 Ke7 48. Bf5 Qe2 49. Qc6 Ba3 50. Qb7+ Kf6 51. Qb6+ Kf7 52. Qb3+ 1-0

[Event "SVK-chT2A 10/11"]
[Site "Slovakia"]
[Date "2010.12.04"]
[Round "3.4"]
[White "Fabry, Robert"]
[Black "Skara, Vladimir"]
[Result "1-0"]
[WhiteElo "2190"]
[BlackElo "2161"]
[PlyCount "89"]
[EventDate "2010.10.23"]
[EventType "team-tourn"]
[EventRounds "11"]
[EventCountry "SVK"]
[SourceTitle "EXT 2019"]
[Source "ChessBase"]
[SourceDate "2018.10.10"]
[SourceVersion "1"]
[SourceVersionDate "2018.10.10"]
[SourceQuality "1"]
[WhiteTeam "Bratislava Doprastav"]
[BlackTeam "Modra II"]
[WhiteTeamCountry "SVK"]
[BlackTeamCountry "SVK"]

1. e4 e6 2. d4 d5 3. Nc3 Nf6 4. Bg5 Be7 5. e5 Nfd7 6. h4 h6 7. Bxe7 Qxe7 8. Nb5 Nb6 9. c3 a6 10. Na3 c5 11. f4 cxd4 12. Qxd4 N6d7 13. Nf3 Nc6 14. Qe3 f6 15. Bd3 0-0 16. 0-0-0 b5 17. exf6 Nxf6 18. Nc2 Rb8 19. Ne5 Nxe5 20. Qxe5 Nd7 21. Qd4 Qd6 22. Rhf1 a5 23. Ne3 Ba6 24. f5 Nf6 25. fxe6 Qxe6 26. Bf5 Qb6 27. Nxd5 Qxd4 28. Rxd4 Nxd5 29. Be6+ Kh8 30. Rxf8+ Rxf8 31. Bxd5 Rd8 32. Kd2 b4 33. Ke3 bxc3 34. bxc3 g5 35. hxg5 hxg5 36. c4 Kg7 37. Re4 Bc8 38. Re7+ Kf6 39. Ra7 a4 40. Rxa4 Ke5 41. Ra5 Rf8 42. Bb7+ Kf6 43. Ra8 Re8+ 44. Kd4 Re4+ 45. Bxe4 1-0